| 000 | 01700nam#a2200265 4500 | ||
|---|---|---|---|
| 001 | 9786071522344 | ||
| 003 | VST | ||
| 005 | 20250425090632.0 | ||
| 006 | m o d | ||
| 007 | cr#un#---uucau | ||
| 008 | 240611s2024 MEX d | ||
| 020 | _a9786071522344 | ||
| 040 |
_aVST _cVST _dVST |
||
| 100 | 1 |
_aBerta Ermila Madrigal Torres _eauthor |
|
| 245 | 1 | 0 | _aLiderazgo y habilidades directivas |
| 250 | _afirst edition | ||
| 260 | _aMexico : | ||
| 264 | 1 |
_aMexico : _bMcGraw-Hill Interamericana, _c2024 |
|
| 300 | _a1 online resource | ||
| 336 |
_atext _btxt _2rdacontent |
||
| 337 |
_acomputer _bc _2rdamedia |
||
| 520 | _aEste libro está dirigido principalmente a estudiantes de pregrado y posgrado en administración, negocios y materias relacionadas con liderazgo y administración pública; pero los temas que aquí se tratan son de gran utilidad y beneficio para cualquier persona que quiera desarrollar sus aptitudes de liderazgo. El libro, escrito en un lenguaje sencillo y práctico, responde a las nuevas tendencias y necesidades que sobre este tema se han presentado en la actualidad; también responde a las necesidades sociales que demanda el nuevo contexto de innovación disruptiva en la Cuarta y Quinta Revolución industrial. El texto presenta los enfoques y teorías más recientes sobre liderazgo y habilidades directivas, clasificándolas y haciendo hincapié en los aspectos sociales, intelectuales y tecnológicos. Además, muestra cómo descubrir y desarrollar sus aptitudes de liderazgo a través de herramientas didácticas, estudios de caso y ejercicios de valoración. | ||
| 856 | 4 | 0 | _uhttps://resolver.vitalsource.com/9786071522344 |
| 942 | _cRAA | ||
| 999 |
_c229124 _d229124 |
||